| 000 | 00650nam a22002057a 4500 | ||
|---|---|---|---|
| 005 | 20100726153142.0 | ||
| 010 | _aENG-96932 | ||
| 020 |
_a9780195684438 _c2100.00 |
||
| 020 |
_a0195684435 _c2100.00 |
||
| 035 | _aEN-80465 | ||
| 037 | _bDBAD/PUB | ||
| 082 | _a912 | ||
| 245 | _aReference Atlas for India and the world / | ||
| 260 |
_aNew Delhi _bOxford University Press _c2010 |
||
| 270 |
_aYMCA Library _bNew Delhi _e110001 |
||
| 300 |
_a311 p. ; _bMaps _c22cm (Hb) |
||
| 500 | _aIncludes index | ||
| 942 |
_2ddc _cEN _h912 _mREF |
||
| 999 |
_c37788 _d37788 |
||